Periodic Table of North America Quiz Stats

 Plays Quiz Updated Apr 5, 2018

Challenge
Share
Tweet
Score 0/23 Timer 06:00
14 Plays Today
% Correct
USA
95.3%
Mexico
95.1%
Canada
94.7%
Jamaica
93.8%
Panama
92.1%
Cuba
92.1%
Haiti
91.4%
Honduras
91%
Belize
90.4%
Nicaragua
89.4%
Dominican Republic
87.7%
Bahamas
87.4%
% Correct
Guatemala
87%
Dominica
84.8%
Grenada
82.6%
El Salvador
79.7%
Costa Rica
79.5%
Trinidad & Tobago
76.7%
Barbados
72.7%
St Kitts & Nevis
72.4%
St Vincent & Grenadines
68.9%
Antigua & Barbuda
67.2%
St Lucia
66.9%

You're not logged in!

Compare scores with friends on all Sporcle quizzes.
Join for Free
OR
Log In

You Might Also Like...

Show Comments

Extras

Top Quizzes Today


Score Distribution

Your Account Isn't Verified!

In order to create a playlist on Sporcle, you need to verify the email address you used during registration. Go to your Sporcle Settings to finish the process.

Report this User

Report this user for behavior that violates our Community Guidelines.

Details: